000 00805nac a22002411u 4500
010 _a 89012398
020 _a0071006265
082 0 0 _a519.4076
_bSCH
090 _c9267
_d9267
100 _aScheid, Francis J.
245 1 0 _a2000 solved problems in numerical analysis /
_cby Francis Scheid.
260 _aNew York :
_bMcGraw-Hill,1990
_cc1990.
300 _aiv, 698 p. :
_bill. ;
_c28 cm.
440 0 _aSchaum's solved problems series
500 _aIncludes index.
511 _acatalogued by: wessam
650 0 _aNumerical analysis
_xProblems, exercises, etc.
740 0 _aTwo thousand solved problems in numerical analysis.
942 _cBB
_k519.4076SCH
_hRDA-MOD
999 _c9267
_d9267
336 _2rdacontent
_atext
_btxt
337 _aunmediated
_2rdamedia
_bn
338 _avolume
_bnc
_2rdacarrier